|
|
|
|
| LEADER |
01195nam a2200289 i 4500 |
| 001 |
c000233313 |
| 003 |
CARM |
| 005 |
00000000000000.0 |
| 008 |
840228s1979 ag b 000 0 spa d |
| 019 |
1 |
|
|a 1789770
|5 LACONCORD2021
|
| 035 |
|
|
|a (OCoLC)6709768
|5 LACONCORD2021
|
| 041 |
0 |
|
|a spa
|
| 043 |
|
|
|a s-ag---
|
| 082 |
0 |
4 |
|a 379.82
|
| 100 |
1 |
|
|a Perazzo, Susana Jara de.
|
| 245 |
1 |
0 |
|a Historia de la educacion y politica educacional argentina /
|c Susana J. de Perazzo, Nelida Kuc, Ma. Teresa H. de Jove ; prologo de Manuel Horacio Solari .
|
| 260 |
|
|
|a Buenos Aires :
|b Editorial Humanitas,
|c [1979].
|
| 300 |
|
|
|a 173 p. ;
|c 23 cm.
|
| 440 |
|
0 |
|a Colección Formación docente ;
|v 5
|
| 504 |
|
|
|a Includes bibliographical references.
|
| 650 |
|
0 |
|a Education and state
|z Argentina
|x History.
|
| 650 |
|
0 |
|a School management and organization
|z Argentina
|x History.
|
| 700 |
1 |
|
|a Kuc, Nélida.
|
| 700 |
1 |
|
|a Jove, Maria Teresa H. de
|q (Maria Teresa Helbling de)
|
| 852 |
8 |
|
|b CARM
|h A2:AQ09A0
|i B07062
|p 0371090
|f BK
|
| 999 |
f |
f |
|i dbea226a-faa5-5255-a984-03e2c6521957
|s 99b9133d-e8a7-50ba-9c45-d3fda397290e
|
| 952 |
f |
f |
|p Can circulate
|a CAVAL
|b CAVAL
|c CAVAL
|d CARM 1 Store
|e B07062
|f A2:AQ09A0
|h Other scheme
|i book
|m 0371090
|